The Issues of Teaching English and German for Specific Purposes to the Academic Staff of a Technical University; Advances in Intelligent Systems and Computing; Vol. 716 : Teaching and Learning in a Digital World
| Parent link: | Advances in Intelligent Systems and Computing Vol. 716 : Teaching and Learning in a Digital World.— 2018.— [P. 776-782] |
|---|---|
| Autor Principal: | |
| Autor Corporativo: | |
| Outros autores: | , |
| Summary: | Title screen Due to internationalization of higher education foreign language communicative competence of the university staff is beginning to be viewed as an integral component of their professional competence. The paper discusses the experience of National Research Tomsk Polytechnic University (TPU) in implementing Foreign Language for Specific Purposes (LSP) courses for the academic staff as a part of their professional development training in English and in German. The aim of the paper is to introduce a model of LSP courses appropriate for the TPU faculty and staff. Режим доступа: по договору с организацией-держателем ресурса |
| Idioma: | inglés |
| Publicado: |
2018
|
| Series: | Advances in Intelligent Systems and Computing book series |
| Subjects: | |
| Acceso en liña: | https://doi.org/10.1007/978-3-319-73204-6_85 |
| Formato: | Electrónico Capítulo de libro |
| KOHA link: | https://koha.lib.tpu.ru/cgi-bin/koha/opac-detail.pl?biblionumber=658137 |
MARC
| LEADER | 00000naa0a2200000 4500 | ||
|---|---|---|---|
| 001 | 658137 | ||
| 005 | 20250825140915.0 | ||
| 035 | |a (RuTPU)RU\TPU\network\25258 | ||
| 090 | |a 658137 | ||
| 100 | |a 20180522d2018 k||y0engy50 ba | ||
| 101 | 0 | |a eng | |
| 135 | |a drgn ---uucaa | ||
| 181 | 0 | |a i | |
| 182 | 0 | |a b | |
| 200 | 1 | |a The Issues of Teaching English and German for Specific Purposes to the Academic Staff of a Technical University |f E. O. Zakharova, A. G. Bogdanova, M. V. Netesova | |
| 203 | |a Text |c electronic | ||
| 225 | 1 | |a Advances in Intelligent Systems and Computing book series | |
| 300 | |a Title screen | ||
| 320 | |a [References: 10 tit.] | ||
| 330 | |a Due to internationalization of higher education foreign language communicative competence of the university staff is beginning to be viewed as an integral component of their professional competence. The paper discusses the experience of National Research Tomsk Polytechnic University (TPU) in implementing Foreign Language for Specific Purposes (LSP) courses for the academic staff as a part of their professional development training in English and in German. The aim of the paper is to introduce a model of LSP courses appropriate for the TPU faculty and staff. | ||
| 333 | |a Режим доступа: по договору с организацией-держателем ресурса | ||
| 461 | |t Advances in Intelligent Systems and Computing | ||
| 463 | |t Vol. 716 : Teaching and Learning in a Digital World |o 20th International Conference on Interactive Collaborative Learning, 27-29 September, 2017, Budapest, Hungary |o [proceedings] |v [P. 776-782] |d 2018 | ||
| 610 | 1 | |a электронный ресурс | |
| 610 | 1 | |a труды учёных ТПУ | |
| 610 | 1 | |a иностранные языки | |
| 610 | 1 | |a конкретные примеры | |
| 610 | 1 | |a цели | |
| 610 | 1 | |a профессиональная подготовка | |
| 700 | 1 | |a Zakharova |b E. O. |c linguist |c Associate Professor of Tomsk Polytechnic University, candidate of philological sciences |f 1981- |g Elena Olegovna |3 (RuTPU)RU\TPU\pers\37197 | |
| 701 | 1 | |a Bogdanova |b A. G. |c linguist |c Associate Professor of Tomsk Polytechnic University, candidate of philological sciences |f 1982- |g Anna Gennadievna |3 (RuTPU)RU\TPU\pers\37200 | |
| 701 | 1 | |a Netesova |b M. V. |c linguist |c Senior Lecturer of Tomsk Polytechnic University |f 1983- |g Mariya Vitalevna |3 (RuTPU)RU\TPU\pers\30796 |9 15052 | |
| 712 | 0 | 2 | |a Национальный исследовательский Томский политехнический университет (ТПУ) |b Институт социально-гуманитарных технологий (ИСГТ) |b Кафедра организации и технологии высшего профессионального образования (ОТВПО) |3 (RuTPU)RU\TPU\col\19273 |
| 801 | 0 | |a RU |b 63413507 |c 20180522 |g RCR | |
| 856 | 4 | |u https://doi.org/10.1007/978-3-319-73204-6_85 | |
| 942 | |c CF | ||